Safe and Sound by Capital Cities Lyrics - Statistics

General Stats
  • This quiz has been taken 98 times
  • The average score is 170 of 198
Answer Stats
Answer % Correct
I
100%
a
98%
and
98%
safe
98%
sound
98%
you
98%
be
93%
lift
93%
up
93%
where
93%
want
91%
could
89%
show
89%
that
89%
to
89%
we
89%
know
87%
the
87%
even
84%
my
84%
take
84%
we'll
84%
if
82%
see
82%
is
80%
love
80%
what
80%
down
78%
sky
78%
we're
78%
falling
76%
your
76%
in
71%
me
71%
luck
67%
of
64%
six
62%
underground
62%
feet
60%
cup
58%
still
58%
mystery
56%
appreciate
53%
next
53%
you'll
53%
hurricane
51%
wave
51%
standing
49%
this
49%
tidal
49%
world
49%
fill
47%
won't
47%
evaporate
44%
river
38%
frowns
31%
No matching quizzes found
Score Distribution
Percent of People with Each Score
Percentile by Number Answered
Your Score History
You have not taken this quiz